000 00612nam a2200193Ia 4500
005 20250507130220.0
008 008 250505s9999 xx 000 0 eng d
037 _aSeries Article
040 _aEASL
_beng
_cEASL
041 _aeng
_2eng
084 _qEASL
100 _aMookherjee Nayanika
_9339013
245 0 _aAbsent piece of skin:Gendered,racialized and territorialinscription of sexual violence during the Bangladesh war
260 _aUK
_bCambridge Cambridge University Press UK
_c2012
300 _a1572-1601
650 _aAsian Studies
942 _cSRA
999 _c1318373
_d1318373